000 00876cam9a220024100 4500
001 qce00240651
005 20190816105402.0
008 790112s1958 sa ab 000 0 eng
010 _a 59029951
035 _a(Sirsi) r90867
035 _a(QCAT)lss02199345
035 _a(UPRA)qce00240651
040 _dUPRA
100 1 _aTaylor, D. H., 1923-
_dTaylor, D. H., 1923-
_6A50276.1
245 1 0 _aBasutoland 1956 population census, 8th April 1956 /
_creport by D.H. Taylor, census officer.
260 _aMaseru : Government of Basutoland,
_c1958.
500 _aTwo folded maps in pocket.
500 _a"Published by the Basutoland Government."
651 0 _aLesotho -- Census, 1956.
_xLesotho -- Census, 1956.
_6S38968.1
710 1 _aBasutoland. Census Office.
_bBasutoland. Census Office.
_6A50277.1
949 _a(O2) 1958/2
_wlcc
_mMAIN
_tBOOK
_lON-SHELF
004 90867
999 _c89722
_d89722